000 00272nam a22001217a 4500
008 170713b xxu||||| |||| 00| 0 eng d
041 _aeng
080 _23 ED
_a038
100 _a23
101 _aFJA
245 _aROGETS INTERNATIONAL
_cCROWELL.TH.Y
942 _2udc
_cBK
999 _c20478
_d20478